| 000 | 00491nam a22002057a 4500 | ||
|---|---|---|---|
| 003 | OSt | ||
| 005 | 20260521150401.0 | ||
| 008 | 260521b |||||||| |||| 00| 0 eng d | ||
| 020 | _a9789365578744 | ||
| 082 | _a658.421 DEE | ||
| 100 | _aDeepti | ||
| 245 | _aEntrepreneurship Idea to empire | ||
| 250 | _a1st Ed | ||
| 260 |
_aNew Delhi _bHimalaya Publishing House _c2025 |
||
| 300 | _a391p. | ||
| 700 | _aKUMAR,Pawan | ||
| 700 | _aSHARMA,Sushma | ||
| 700 | _aNUPUR | ||
| 942 |
_2ddc _cREF |
||
| 999 |
_c13993 _d13993 |
||